| 000 | 00426nab a2200145Ia 4500 | ||
|---|---|---|---|
| 003 | ES-SlBCS | ||
| 005 | 20210601132800.0 | ||
| 008 | 140529s1957 xxu||||| |||| 00| 0 ita d | ||
| 041 | _aita | ||
| 100 | 1 |
_aTalenti, Carlo _9198832 |
|
| 245 | 0 | 0 |
_aL'estetica di Adelchi Baratono _c Carlo Talenti |
| 600 | 1 |
_aBaratono, Adelchi-Estética _9198838 |
|
| 773 | 0 |
_tFilosofia _gvol. 8, nº. 1, 1957, págs. 115-134 _wRev1488 |
|
| 942 | _cAR | ||
| 999 |
_c585605 _d585605 |
||